000 00278nam a2200121 a 4500
008 101213s1956|||| d
245 1 0 _aBedřich Smetana
100 1 _aPražák, Přemysl
260 _bOsveta
_aMartin
_c1956
020 _c14,05
044 _axo
_cSK
041 _aslo
999 _c15211
_d15211